000 01415nam2a2200289 4500
001 RU\NLR\bibl\1049890
005 20250615033806.0
010 _a5-295-03483-6
_95000
021 _aRU
_b2006-88846
_94501
035 _a(NLR Aleph) 001037218
090 _a795945
_c795945
100 _a20070222d2006 |||y0rusy50 ca
101 0 _arus
102 _aRU
105 _aa |||||||||
200 1 _aИстория Башкортостана. XX век
_f[редкол.: д.ист.н., проф. И.Г. Акманов (отв. ред.) и др.]
210 _d2006
_aБ. м.
215 _a599 с.
_cил.
320 _aБиблиогр.: с. 588-596 и в подстроч. примеч.
461 0 _1001RU\NLR\bibl\870438
_12001#$aИстория Башкортостана с древнейших времен до наших дней$vТ. 2
_91528267
_cУфа
_d2004
_f[Федер. целевая прогр. "Культура России" (подпрогр. "Поддержка полиграфии и книгоиздания России")
_nКитап
_oв 2 томах
_tИстория Башкортостана с древнейших времен до наших дней
_y5-295-03483-6
_vТ. 2
702 1 _aАкманов
_bИ. Г.
_gИрек Гайсеевич
_4340
801 0 _aRU
_bNLR
_c20070222
_gRCR
801 1 _aRU
_bNLR
_c20070222
830 _aпо кн.
942 _cBOOK
980 _aNB